书目信息 |
| 题名: |
名老中医偏方大全
|
|
| 作者: | 李春深 编著 | |
| 分册: | ||
| 出版信息: | 天津 天津科学技术出版社 2017.08 |
|
| 页数: | 428页 | |
| 开本: | 22cm | |
| 丛书名: | ||
| 单 册: | ||
| 中图分类: | R289.2 | |
| 科图分类: | ||
| 主题词: | 土方--汇编 | |
| 电子资源: | ||
| ISBN: | 978-7-5576-2663-1 | |
| 000 | 00797nam0 2200229 450 | |
| 001 | 3780 | |
| 005 | 20181008145637.68 | |
| 010 | @a978-7-5576-2663-1@b精装@dCNY32.00 | |
| 100 | @a20171116d2017 em y0chiy50 ea | |
| 101 | 0 | @achi |
| 102 | @aCN@b120000 | |
| 105 | @aa z 000yy | |
| 200 | 1 | @a名老中医偏方大全@9ming lao zhong yi pian fang da quan@f李春深编著 |
| 210 | @a天津@c天津科学技术出版社@d2017.08 | |
| 215 | @a428页@c图@d22cm | |
| 300 | @a家庭实用百科全书养生大系 | |
| 330 | @a本书针对皮肤科、五官科、内科、外科、男科、妇科、儿科的常见病症及日常生活的小毛病,尽可能提供多种治病老偏方,有外敷方、食疗方、按摩方、艾灸方、药膳方等。 | |
| 606 | 0 | @a土方@j汇编 |
| 690 | @aR289.2@v5 | |
| 701 | 0 | @a李春深@9li chun shen@4编著 |
| 801 | 0 | @aCN@b91MARC@c20171116 |
| 905 | @aMuseLib@dR289.2@e459 | |
| 名老中医偏方大全/李春深编著.-天津:天津科学技术出版社,2017.08 |
| 428页:图;22cm |
| 家庭实用百科全书养生大系 |
| ISBN 978-7-5576-2663-1(精装):CNY32.00 |
| 本书针对皮肤科、五官科、内科、外科、男科、妇科、儿科的常见病症及日常生活的小毛病,尽可能提供多种治病老偏方,有外敷方、食疗方、按摩方、艾灸方、药膳方等。 |
| ● |
| 相关链接 |
|
|
|
|
正题名:名老中医偏方大全
索取号:R289.2/459
 
预约/预借
| 序号 | 登录号 | 条形码 | 馆藏地/架位号 | 状态 | 备注 |
| 1 | 1123692 | 211236928 | 第二样本阅览室/ [索取号:R289.2/459] | 在馆 | |
| 2 | 1123693 | 211236937 | 第三借阅区/ [索取号:R289.2/459] | 在馆 | |
| 3 | 1123694 | 211236946 | 第三借阅区/ [索取号:R289.2/459] | 在馆 | |
| 4 | 1123695 | 211236955 | 第三借阅区/ [索取号:R289.2/459] | 在馆 | |
| 5 | 1123696 | 211236964 | 密集书库-生命科学系/ [索取号:R289.2/459] | 在馆 |